[Event "NZL-ch op 127th"]
[Site "Tauranga"]
[Date "2020.01.20"]
[Round "7"]
[White "McFarland, Malcolm"]
[Black "Tsagarakis, Angelo"]
[Result "1-0"]
[WhiteElo "1745"]
[BlackElo "1746"]
[PlyCount "85"]
[EventDate "2020.01.14"]
[EventType "swiss"]
[EventRounds "9"]
[EventCountry "NZL"]
[SourceTitle "CBM 194 Extra"]
[Source "ChessBase"]
[SourceDate "2020.03.31"]
[SourceVersion "1"]
[SourceVersionDate "2020.03.31"]
[SourceQuality "1"]

1. d4 b5 2. Nf3 Bb7 3. Bf4 Nf6 4. e3 a6 5. Nbd2 g6 6. Be2 Bg7 7. h3 0-0 8. 0-0 d6 9. c3 Nbd7 10. Rc1 c5 11. Qc2 Re8 12. Bh2 Rc8 13. Qb1 Qb6 14. e4 cxd4 15. cxd4 Rxc1 16. Rxc1 e5 17. d5 Bh6 18. b4 Rf8 19. g4 Ne8 20. g5 Bg7 21. Qc2 f6 22. h4 h6 23. Bg3 fxg5 24. hxg5 h5 25. Nb3 Qd8 26. Qd2 Nb6 27. Na5 Bc8 28. Nc6 Qd7 29. Qe3 Qh3 30. Qxb6 Bg4 31. Qe3 Bxf3 32. Bxf3 h4 33. Bg2 Qg4 34. Bh2 Rf7 35. Kh1 Bf8 36. Bh3 Qh5 37. Be6 Ng7 38. Bxf7+ Kxf7 39. f4 Be7 40. Nxe7 Kxe7 41. fxe5 Ne8 42. e6 h3 43. Qf4 1-0

[Event "NZL-ch op 127th"]
[Site "Tauranga"]
[Date "2020.01.19"]
[Round "6"]
[White "Ning, Isabelle Yixuan"]
[Black "Tsagarakis, Angelo"]
[Result "1-0"]
[WhiteElo "1662"]
[BlackElo "1746"]
[PlyCount "109"]
[EventDate "2020.01.14"]
[EventType "swiss"]
[EventRounds "9"]
[EventCountry "NZL"]
[SourceTitle "CBM 194 Extra"]
[Source "ChessBase"]
[SourceDate "2020.03.31"]
[SourceVersion "1"]
[SourceVersionDate "2020.03.31"]
[SourceQuality "1"]

1. d4 b5 2. Bf4 Bb7 3. e3 a6 4. Nf3 Nf6 5. c3 g6 6. Nbd2 Bg7 7. Bd3 d6 8. Qc2 Nbd7 9. 0-0 0-0 10. e4 c5 11. d5 Nh5 12. Bg5 Qe8 13. c4 b4 14. Rad1 a5 15. Rfe1 a4 16. Nf1 Ne5 17. Nxe5 Bxe5 18. Ne3 Qd7 19. a3 bxa3 20. bxa3 Rfb8 21. Rb1 Bg7 22. Qe2 h6 23. Bh4 Nf4 24. Qd2 Nxd3 25. Qxd3 Kh7 26. f4 Ba6 27. f5 Bd4 28. fxg6+ fxg6 29. Bf2 Rf8 30. Rf1 Rf6 31. Nc2 Be5 32. Bh4 g5 33. Rxf6 exf6 34. Bf2 Kg6 35. Ne3 h5 36. Nf5 Rh8 37. Rb6 Qa7 38. Rb1 Rb8 39. Ne7+ Kf7 40. Nc6 Rxb1+ 41. Qxb1 Qc7 42. Qc2 Qb6 43. Nxe5+ fxe5 44. Be3 Qb3 45. Qf2+ Kg7 46. Qf5 Qd1+ 47. Kf2 Bxc4 48. Qxg5+ Kf7 49. Qf5+ Kg8 50. Qg6+ Kh8 51. Bh6 Qe2+ 52. Kg3 Qe1+ 53. Kh3 Qc3+ 54. g3 Bf1+ 55. Kh4 1-0

[Event "NZL-ch op 127th"]
[Site "Tauranga"]
[Date "2020.01.17"]
[Round "4"]
[White "Cilia Vincenti, David"]
[Black "Tsagarakis, Angelo"]
[Result "1-0"]
[WhiteElo "2070"]
[BlackElo "1746"]
[PlyCount "69"]
[EventDate "2020.01.14"]
[EventType "swiss"]
[EventRounds "9"]
[EventCountry "NZL"]
[SourceTitle "CBM 194 Extra"]
[Source "ChessBase"]
[SourceDate "2020.03.31"]
[SourceVersion "1"]
[SourceVersionDate "2020.03.31"]
[SourceQuality "1"]

1. d4 Nf6 2. c4 c5 3. d5 e5 4. Nc3 d6 5. e4 Be7 6. g3 0-0 7. Bg2 Ne8 8. Nge2 a6 9. a4 b6 10. 0-0 g6 11. Bh6 Ng7 12. f4 Nd7 13. Qd2 f5 14. b3 Rb8 15. h3 Rf7 16. g4 Bf6 17. Rad1 exf4 18. Nxf4 Ne5 19. exf5 gxf5 20. Ne6 Bxe6 21. dxe6 Nxe6 22. Bd5 Nd4 23. Qg2 Kh8 24. Bxf7 Nxf7 25. Bf4 Qd7 26. Nd5 Bh4 27. g5 Ne5 28. Kh1 Qf7 29. Qb2 b5 30. Rxd4 cxd4 31. Qxd4 Re8 32. Bxe5+ Rxe5 33. Qxh4 bxc4 34. bxc4 Re4 35. Qxe4 1-0

[Event "NZL-ch op 127th"]
[Site "Tauranga"]
[Date "2020.01.15"]
[Round "2"]
[White "Zhang, Kendrick Botong"]
[Black "Tsagarakis, Angelo"]
[Result "1/2-1/2"]
[WhiteElo "1551"]
[BlackElo "1746"]
[PlyCount "112"]
[EventDate "2020.01.14"]
[EventType "swiss"]
[EventRounds "9"]
[EventCountry "NZL"]
[SourceTitle "CBM 194 Extra"]
[Source "ChessBase"]
[SourceDate "2020.03.31"]
[SourceVersion "1"]
[SourceVersionDate "2020.03.31"]
[SourceQuality "1"]

1. e4 c5 2. Nf3 g6 3. d4 Bg7 4. dxc5 Qa5+ 5. Bd2 Qxc5 6. Nc3 Nf6 7. Bd3 0-0 8. 0-0 d6 9. a3 Nc6 10. b4 Qb6 11. b5 Nd4 12. Nxd4 Qxd4 13. Ne2 Qb6 14. Rb1 Bg4 15. h3 Bd7 16. a4 Rfc8 17. a5 Qd8 18. Qe1 b6 19. a6 Rc7 20. Be3 Rac8 21. Nd4 Qe8 22. Qe2 e5 23. Nf3 d5 24. Nd2 dxe4 25. Nxe4 Nxe4 26. Bxe4 f5 27. Bd5+ Kh8 28. c4 f4 29. Bd2 Bf5 30. Rbc1 Rd8 31. Bc3 h6 32. Rfe1 Kh7 33. Qb2 Re7 34. Rcd1 g5 35. Bc6 Qg8 36. Rxd8 Qxd8 37. Bxe5 Qd3 38. Qa1 Qxc4 39. Bxg7 Rxg7 40. Qe5 Bg6 41. Be4 Qf7 42. Bxg6+ Kxg6 43. Qe4+ Qf5 44. Qe8+ Qf7 45. Qe4+ Qf5 46. Qe8+ Kh7 47. Re7 Qg6 48. Rxg7+ Qxg7 49. Qe4+ Kg8 50. Qa8+ Kh7 51. Qe4+ Kh8 52. Qe8+ Qg8 53. Qe5+ Kh7 54. Qe7+ Qg7 55. Qe4+ Kg8 56. Qa8+ Kh7 1/2-1/2

[Event "NZL-ch op 127th"]
[Site "Tauranga"]
[Date "2020.01.14"]
[Round "1"]
[White "Tsagarakis, Angelo"]
[Black "Van Riemsdijk, Herman Claudius"]
[Result "0-1"]
[WhiteElo "1746"]
[BlackElo "2260"]
[PlyCount "52"]
[EventDate "2020.01.14"]
[EventType "swiss"]
[EventRounds "9"]
[EventCountry "NZL"]
[SourceTitle "CBM 194 Extra"]
[Source "ChessBase"]
[SourceDate "2020.03.31"]
[SourceVersion "1"]
[SourceVersionDate "2020.03.31"]
[SourceQuality "1"]

1. d4 c5 2. d5 Nf6 3. c4 b5 4. cxb5 a6 5. bxa6 g6 6. g3 Bg7 7. Bg2 d6 8. Nf3 Bxa6 9. 0-0 0-0 10. Nc3 Nbd7 11. Re1 Qb6 12. e4 Ng4 13. Bd2 Qxb2 14. Rb1 Qa3 15. Rb3 Qa5 16. Qb1 c4 17. Nb5 Qb6 18. Rb4 Qxf2+ 19. Kh1 Qc5 20. h3 Nf2+ 21. Kh2 Nd3 22. Nbd4 Nxe1 23. Qxe1 Bxd4 24. e5 Nxe5 25. Ng5 Nd3 26. Qe4 Bg1+ 0-1

[Event "Sydney NSW op"]
[Site "Sydney"]
[Date "2019.06.08"]
[Round "1"]
[White "Bjelobrk, Igor"]
[Black "Tsagarakis, Angelo"]
[Result "1-0"]
[WhiteElo "2397"]
[BlackElo "1734"]
[PlyCount "85"]
[EventDate "2019.06.08"]
[EventType "swiss"]
[EventRounds "7"]
[EventCountry "AUS"]
[SourceTitle "CBM 190 Extra"]
[Source "ChessBase"]
[SourceDate "2019.07.15"]
[SourceVersion "1"]
[SourceVersionDate "2019.07.15"]
[SourceQuality "1"]

1. d4 Nf6 2. c4 e5 3. dxe5 Ng4 4. Bf4 Nc6 5. Nf3 Bb4+ 6. Nbd2 Qe7 7. e3 Ngxe5 8. Nxe5 Nxe5 9. Be2 0-0 10. 0-0 Ng6 11. Bg3 Bd6 12. Bxd6 Qxd6 13. Qc2 Re8 14. Ne4 Qe7 15. Nc3 c6 16. Rfd1 a5 17. Rd4 b6 18. Rad1 Nf8 19. Rd6 Ne6 20. Na4 Rb8 21. b3 Qg5 22. g3 Qe5 23. Qc3 Qg5 24. h4 Qe7 25. Bg4 Nf8 26. c5 bxc5 27. Qxa5 Rb5 28. Qc3 Ne6 29. Bxe6 dxe6 30. Nxc5 e5 31. a4 Rb8 32. e4 h6 33. Rxc6 Bg4 34. f3 Bh3 35. Kh2 Bc8 36. Rcd6 g5 37. Qe3 Kg7 38. g4 Rh8 39. h5 Re8 40. Qc3 Kh7 41. Kg2 Kg7 42. b4 Qc7 43. Ne6+ 1-0

[Event "Doeberl Cup Major 56th"]
[Site "Canberra"]
[Date "2018.04.01"]
[Round "6"]
[White "Tsagarakis, Angelo"]
[Black "Clarke, Matthew"]
[Result "0-1"]
[WhiteElo "1763"]
[BlackElo "1929"]
[PlyCount "74"]
[EventDate "2018.03.30"]
[EventType "swiss"]
[EventRounds "7"]
[EventCountry "AUS"]
[SourceTitle "EXT 2023"]
[Source "ChessBase"]
[SourceDate "2022.10.05"]
[SourceVersion "1"]
[SourceVersionDate "2022.10.05"]
[SourceQuality "1"]

1. e4 c5 2. c3 d5 3. exd5 Qxd5 4. Na3 Nc6 5. d4 cxd4 6. Nb5 Qd8 7. cxd4 a6 8. Qa4 Bf5 9. d5 axb5 10. Qxb5 Ra5 11. Qxb7 Qxd5 12. Be3 e5 13. Rd1 Bb4+ 14. Bd2 Ra7 15. Qb5 Rd7 16. Nf3 Nge7 17. a3 Bxd2+ 18. Rxd2 Qe4+ 19. Be2 Rxd2 20. Nxd2 Qxg2 21. Bf3 Qg6 22. Nc4 e4 23. Be2 0-0 24. Qc5 Qf6 25. Ne3 Bg6 26. h4 h6 27. b4 Qa1+ 28. Bd1 Qxa3 29. h5 Bh7 30. Rg1 Qxb4+ 31. Qxb4 Nxb4 32. Bb3 Nd3+ 33. Kf1 Rb8 34. Bc2 Ra8 35. Ke2 Nc6 36. Bb1 Nd4+ 37. Kd2 Nf3+ 0-1

[Event "Oceania zt"]
[Site "Cammeray"]
[Date "2015.07.05"]
[Round "2"]
[White "Tsagarakis, Angelo"]
[Black "Wang, Aaron Ziwen"]
[Result "1/2-1/2"]
[WhiteElo "1863"]
[BlackElo "1580"]
[PlyCount "116"]
[EventDate "2015.07.04"]
[EventType "swiss"]
[EventRounds "9"]
[EventCountry "AUS"]
[SourceTitle "CBM 167 Extra"]
[Source "ChessBase"]
[SourceDate "2015.09.14"]
[SourceVersion "1"]
[SourceVersionDate "2015.09.14"]
[SourceQuality "1"]

1. d4 Nf6 2. Nf3 g6 3. Bf4 d6 4. e3 Bg7 5. h3 0-0 6. c3 Nc6 7. Be2 Re8 8. 0-0 e5 9. Bg5 h6 10. Bh4 Bf5 11. Qb3 e4 12. Nfd2 d5 13. Qxb7 Qd7 14. b4 a6 15. b5 Na5 16. Qxa8 Rxa8 17. bxa6 Qc6 18. Nb3 Nxb3 19. axb3 Bc8 20. b4 Qb6 21. Nd2 Ra7 22. Rfb1 Bxa6 23. b5 Bc8 24. Nb3 Rxa1 25. Rxa1 g5 26. Ra8 Qb7 27. Ra6 Qb8 28. Ra5 gxh4 29. Nc5 Nd7 30. Na4 Bf6 31. c4 Bd8 32. c5 c6 33. b6 Nxb6 34. cxb6 Bxb6 35. Nxb6 Qxb6 36. Ra8 Qb7 37. Ra5 Qb4 38. Ra8 Qe1+ 39. Bf1 Kg7 40. Rxc8 Qc1 41. Rc7 Kf6 42. Rc8 Ke7 43. Rh8 c5 44. dxc5 Qxc5 45. Rxh6 d4 46. exd4 Qxd4 47. Rxh4 Qe5 48. Be2 Kf8 49. Bg4 f5 50. Be2 e3 51. fxe3 Qxe3+ 52. Kf1 Kg7 53. Rh5 Qc1+ 54. Kf2 Qc5+ 55. Kf1 Qc1+ 56. Kf2 Qf4+ 57. Kg1 Qe3+ 58. Kf1 Qc1+ 1/2-1/2

[Event "NZL-ch op 122nd"]
[Site "Auckland"]
[Date "2015.01.07"]
[Round "7"]
[White "McNabb, Matthew David"]
[Black "Tsagarakis, Angelo"]
[Result "1-0"]
[WhiteElo "2100"]
[BlackElo "1855"]
[PlyCount "113"]
[EventDate "2015.01.01"]
[EventType "swiss"]
[EventRounds "9"]
[EventCountry "NZL"]
[SourceTitle "CBM 164 Extra"]
[Source "ChessBase"]
[SourceDate "2015.03.02"]
[SourceVersion "1"]
[SourceVersionDate "2015.03.02"]
[SourceQuality "1"]

1. d4 Nf6 2. c4 g6 3. Nc3 Bg7 4. e4 d6 5. Nf3 0-0 6. Be2 Nbd7 7. Bg5 c6 8. Qd2 Qb6 9. 0-0 e5 10. c5 dxc5 11. dxe5 Ng4 12. Rad1 Ndxe5 13. Nxe5 Nxe5 14. Be7 Re8 15. Na4 Qb4 16. Qxb4 cxb4 17. Bxb4 Be6 18. b3 b6 19. h3 Red8 20. f4 c5 21. Bc3 Nc6 22. f5 Nd4 23. Bxd4 Bxd4+ 24. Rxd4 cxd4 25. fxe6 fxe6 26. Bc4 Re8 27. Rf6 Kg7 28. e5 Rad8 29. Nb2 Re7 30. Nd3 Rf8 31. Rf4 Rxf4 32. Nxf4 Kf7 33. h4 h6 34. Kf2 g5 35. hxg5 hxg5 36. Nh3 Kg6 37. g4 Rc7 38. a4 Rc5 39. Ng1 a6 40. Nf3 b5 41. axb5 axb5 42. Bxe6 Rc2+ 43. Ke1 Rc3 44. Bd5 Re3+ 45. Kd2 Kg7 46. b4 Kg6 47. e6 Kf6 48. Nxd4 Re5 49. Bc6 Ke7 50. Bxb5 Kd6 51. Bd7 Re4 52. Nf5+ Kc7 53. b5 Rxg4 54. b6+ Kd8 55. Kc3 Rf4 56. Nd4 Re4 57. Nc6# 1-0

[Event "NZL-ch op 122nd"]
[Site "Auckland"]
[Date "2015.01.05"]
[Round "5"]
[White "MacDonald, Paul"]
[Black "Tsagarakis, Angelo"]
[Result "1/2-1/2"]
[WhiteElo "1983"]
[BlackElo "1855"]
[PlyCount "114"]
[EventDate "2015.01.01"]
[EventType "swiss"]
[EventRounds "9"]
[EventCountry "NZL"]
[SourceTitle "CBM 164 Extra"]
[Source "ChessBase"]
[SourceDate "2015.03.02"]
[SourceVersion "1"]
[SourceVersionDate "2015.03.02"]
[SourceQuality "1"]

1. d4 Nf6 2. c4 g6 3. Nc3 Bg7 4. e4 d6 5. f4 0-0 6. Nf3 c5 7. d5 Bg4 8. Be2 a6 9. a4 Qa5 10. Bd2 Nbd7 11. 0-0 Rab8 12. Qc2 Qc7 13. h3 Bxf3 14. Bxf3 e6 15. Rad1 exd5 16. cxd5 b5 17. Be3 b4 18. Nb1 Rfe8 19. Nd2 Nxd5 20. Nc4 Nxe3 21. Nxe3 Nf6 22. b3 Rbd8 23. Qc4 a5 24. Nd5 Nxd5 25. Rxd5 Qe7 26. g3 Qf6 27. e5 dxe5 28. fxe5 Qg5 29. Qf4 Qxf4 30. gxf4 Bh6 31. Rxc5 Bxf4 32. Rxa5 Rd3 33. Bd5 g5 34. Rf3 Rd2 35. Bc4 Kg7 36. Rb5 Rxe5 37. Rxe5 Bxe5 38. Rxf7+ Kg6 39. Rb7 Bc3 40. a5 Ra2 41. a6 h5 42. Bb5 Kf5 43. Rf7+ Ke5 44. Ba4 Bd4+ 45. Kf1 g4 46. hxg4 hxg4 47. a7 Ra1+ 48. Ke2 Ra2+ 49. Kd3 Bxa7 50. Rxa7 g3 51. Rg7 g2 52. Bc6 Rb2 53. Ba4 Kf4 54. Kc4 Ke3 55. Kxb4 Kf2 56. Rf7+ Ke1 57. Rg7 Kf2 1/2-1/2

[Event "NZL-ch op 122nd"]
[Site "Auckland"]
[Date "2015.01.04"]
[Round "4"]
[White "Tsagarakis, Angelo"]
[Black "Shaw, Robin A"]
[Result "1-0"]
[WhiteElo "1855"]
[BlackElo "1813"]
[PlyCount "87"]
[EventDate "2015.01.01"]
[EventType "swiss"]
[EventRounds "9"]
[EventCountry "NZL"]
[SourceTitle "CBM 164 Extra"]
[Source "ChessBase"]
[SourceDate "2015.03.02"]
[SourceVersion "1"]
[SourceVersionDate "2015.03.02"]
[SourceQuality "1"]

1. e4 g6 2. d4 Bg7 3. Be3 d6 4. Nf3 Nf6 5. Nc3 Bg4 6. h3 Bxf3 7. Qxf3 c6 8. Be2 Nbd7 9. 0-0 0-0 10. Rad1 Qc7 11. Qg3 b5 12. Bd3 b4 13. Ne2 c5 14. c3 Rab8 15. f4 c4 16. Bb1 bxc3 17. bxc3 Rb2 18. Qf3 Rfb8 19. e5 Nh5 20. Bf2 Bf8 21. g4 Ng7 22. Ng3 e6 23. Ne4 d5 24. Nd2 Nb6 25. Be3 Na4 26. Rc1 Ba3 27. f5 Rxd2 28. Bxd2 Bxc1 29. Rxc1 Rb2 30. Bh6 Qb6 31. fxg6 hxg6 32. Rf1 Nf5 33. Bxf5 gxf5 34. gxf5 exf5 35. Bc1 Rxa2 36. Kh1 Kf8 37. Qxf5 Qc7 38. Bh6+ Ke8 39. Rg1 Ke7 40. Bg5+ Kf8 41. Bh6+ Ke7 42. Qf6+ Kd7 43. Qxf7+ Kc6 44. Qe6+ 1-0

[Event "NZL-ch op 122nd"]
[Site "Auckland"]
[Date "2015.01.01"]
[Round "1"]
[White "Van Riemsdijk, Herman Claudius"]
[Black "Tsagarakis, Angelo"]
[Result "1-0"]
[WhiteElo "2356"]
[BlackElo "1855"]
[PlyCount "61"]
[EventDate "2015.01.01"]
[EventType "swiss"]
[EventRounds "9"]
[EventCountry "NZL"]
[SourceTitle "CBM 164 Extra"]
[Source "ChessBase"]
[SourceDate "2015.03.02"]
[SourceVersion "1"]
[SourceVersionDate "2015.03.02"]
[SourceQuality "1"]

1. e4 Nc6 2. d4 d6 3. Nf3 g6 4. Bb5 a6 5. Ba4 b5 6. Bb3 Nf6 7. 0-0 Bg7 8. c3 0-0 9. Bf4 Bb7 10. Nbd2 Nh5 11. Be3 e5 12. Re1 a5 13. a4 exd4 14. Nxd4 bxa4 15. Nxc6 Bxc6 16. Bxa4 Bb7 17. Qc2 Qh4 18. g3 Qh3 19. Bb5 d5 20. Bf1 Qg4 21. Bg2 Nf6 22. e5 Nd7 23. f4 Nb6 24. c4 Rfd8 25. c5 Nc8 26. Nb3 f6 27. Nxa5 Ba6 28. Nc6 fxe5 29. Nxd8 Qd7 30. Rad1 Bc4 31. Qxc4 1-0

[Event "Begonia op 47th"]
[Site "Ballarat"]
[Date "2013.03.10"]
[Round "4"]
[White "Tsagarakis, Angelo"]
[Black "McClymont, Brodie"]
[Result "0-1"]
[WhiteElo "1853"]
[BlackElo "2211"]
[PlyCount "74"]
[EventDate "2013.03.09"]
[EventType "swiss"]
[EventRounds "7"]
[EventCountry "AUS"]
[SourceTitle "CBM 153 Extra"]
[Source "ChessBase"]
[SourceDate "2013.04.22"]
[SourceVersion "1"]
[SourceVersionDate "2013.04.22"]
[SourceQuality "1"]

1. d4 Nf6 2. Nf3 g6 3. Bf4 d6 4. Nbd2 Nc6 5. Nc4 Bg7 6. e3 Nh5 7. Bg5 h6 8. Bh4 g5 9. Nfd2 gxh4 10. Qxh5 e5 11. dxe5 d5 12. Na3 Nxe5 13. Be2 c6 14. f4 Ng6 15. Rb1 Qe7 16. Qf3 h3 17. g3 b5 18. c4 Bf5 19. Rd1 Bxb2 20. Nxb5 cxb5 21. e4 Bxe4 22. Nxe4 dxe4 23. Qb3 Ba3 24. 0-0 0-0 25. f5 bxc4 26. Qxc4 Qc5+ 27. Qxc5 Bxc5+ 28. Kh1 Ne7 29. f6 Ng6 30. Rd5 Be3 31. Rh5 Rfc8 32. Rxh3 Rc2 33. Bh5 Bg5 34. Bd1 Rxa2 35. Rh5 Rd8 36. h4 Bxf6 37. Rxh6 Kg7 0-1

[Event "Begonia op 47th"]
[Site "Ballarat"]
[Date "2013.03.09"]
[Round "1"]
[White "Kerr, Bill"]
[Black "Tsagarakis, Angelo"]
[Result "0-1"]
[WhiteElo "2004"]
[BlackElo "1853"]
[PlyCount "84"]
[EventDate "2013.03.09"]
[EventType "swiss"]
[EventRounds "7"]
[EventCountry "AUS"]
[SourceTitle "CBM 153 Extra"]
[Source "ChessBase"]
[SourceDate "2013.04.22"]
[SourceVersion "1"]
[SourceVersionDate "2013.04.22"]
[SourceQuality "1"]

1. c4 e5 2. g3 c6 3. d4 e4 4. Bg2 f5 5. Nc3 Nf6 6. Bg5 Be7 7. e3 Na6 8. Nge2 0-0 9. h4 Nb4 10. Nc1 Qe8 11. a3 Na6 12. b4 Qf7 13. Bf1 Nc7 14. Nb3 Ne6 15. Bxf6 Bxf6 16. c5 b6 17. Rc1 bxc5 18. dxc5 g6 19. Na5 Qg7 20. Qd2 Nd8 21. Bc4+ Nf7 22. Ne2 Kh8 23. Bxf7 Qxf7 24. Nc4 Ba6 25. Nd6 Qb3 26. Nd4 Qxa3 27. b5 cxb5 28. 0-0 b4 29. Ra1 Qd3 30. Qxb4 Rab8 31. Qa4 Bxd4 32. exd4 Bb5 33. Nxb5 Rxb5 34. Rfd1 Qe2 35. d5 Kg8 36. Re1 Qd3 37. Rad1 Qb3 38. Qxa7 Rb7 39. Qa6 f4 40. gxf4 Rxf4 41. c6 Qf3 42. Rd2 Rxh4 0-1

[Event "Queenstown op"]
[Site "Queenstown"]
[Date "2012.01.19"]
[Round "5"]
[White "Fairbairn, Stephen"]
[Black "Tsagarakis, Angelo"]
[Result "1-0"]
[WhiteElo "2052"]
[BlackElo "1883"]
[PlyCount "109"]
[EventDate "2012.01.15"]
[EventType "swiss"]
[EventRounds "9"]
[EventCountry "NZL"]
[SourceTitle "CBM 146 Extra"]
[Source "ChessBase"]
[SourceDate "2012.02.29"]
[SourceVersion "1"]
[SourceVersionDate "2012.02.29"]
[SourceQuality "1"]

1. c4 Nf6 2. g3 g6 3. Bg2 Bg7 4. Nf3 0-0 5. 0-0 c6 6. Nc3 d6 7. d4 Nbd7 8. e4 a6 9. h3 Qc7 10. Qc2 e5 11. Be3 Nh5 12. Rad1 Re8 13. d5 c5 14. Kh2 Rf8 15. Nh4 Qd8 16. Bf3 Nhf6 17. Bg5 Rb8 18. Qc1 Re8 19. Bg2 b5 20. cxb5 axb5 21. Bh6 Bh8 22. f4 Ba6 23. Rf2 exf4 24. Qxf4 Qe7 25. Nf5 Qe5 26. Nxd6 b4 27. Nxe8 Rxe8 28. Qxe5 Nxe5 29. Na4 Neg4+ 30. Kg1 Nxh6 31. Nxc5 Bb5 32. d6 Rd8 33. Rfd2 Nd7 34. Nxd7 Rxd7 35. Rc2 Be5 36. Rd5 Bxg3 37. Rxb5 Rxd6 38. Kf1 Rf6+ 39. Ke2 Re6 40. Rxb4 Kg7 41. Kd3 Kf6 42. a4 Ke5 43. Rb5+ Kf4 44. a5 f5 45. exf5 Nxf5 46. Rc4+ Kg5 47. Be4 Kf6 48. Bxf5 gxf5 49. Rb6 Bd6 50. Rcc6 Ke5 51. Rxd6 Rxd6+ 52. Rxd6 Kxd6 53. Kd4 f4 54. b4 Ke6 55. Ke4 1-0

[Event "Queenstown op"]
[Site "Queenstown"]
[Date "2012.01.17"]
[Round "3"]
[White "Machdoem, Karma Andhiko"]
[Black "Tsagarakis, Angelo"]
[Result "1-0"]
[WhiteElo "2129"]
[BlackElo "1883"]
[PlyCount "79"]
[EventDate "2012.01.15"]
[EventType "swiss"]
[EventRounds "9"]
[EventCountry "NZL"]
[SourceTitle "CBM 146 Extra"]
[Source "ChessBase"]
[SourceDate "2012.02.29"]
[SourceVersion "1"]
[SourceVersionDate "2012.02.29"]
[SourceQuality "1"]

1. Nf3 Nf6 2. c4 g6 3. g3 Bg7 4. Bg2 0-0 5. 0-0 d6 6. Nc3 c6 7. d4 Nbd7 8. b3 e5 9. e3 Re8 10. Qc2 e4 11. Ng5 d5 12. cxd5 cxd5 13. Nb5 h6 14. Nh3 Nf8 15. Nc7 Bg4 16. Nxa8 Qxa8 17. Kh1 Rc8 18. Qd2 Ne6 19. Ba3 g5 20. Ng1 Re8 21. Rfc1 Qd8 22. Rc2 h5 23. Rac1 Qd7 24. h3 Bf5 25. Qa5 Kh7 26. Qxa7 Rh8 27. Qb6 Kg6 28. Bf1 Qe8 29. Kg2 Qb8 30. Bd6 Qa8 31. a4 Nd7 32. Qb5 Nf6 33. a5 Bh6 34. Be5 Re8 35. b4 Bf8 36. Ne2 Rd8 37. Nc3 Nd7 38. Nxd5 Nxe5 39. dxe5 Bg7 40. Ne7+ 1-0

[Event "Queenstown op"]
[Site "Queenstown"]
[Date "2012.01.15"]
[Round "1"]
[White "Sukandar, Irine Kharisma"]
[Black "Tsagarakis, Angelo"]
[Result "1-0"]
[WhiteElo "2325"]
[BlackElo "1883"]
[PlyCount "89"]
[EventDate "2012.01.15"]
[EventType "swiss"]
[EventRounds "9"]
[EventCountry "NZL"]
[SourceTitle "CBM 146 Extra"]
[Source "ChessBase"]
[SourceDate "2012.02.29"]
[SourceVersion "1"]
[SourceVersionDate "2012.02.29"]
[SourceQuality "1"]

1. e4 Nc6 2. Nf3 d6 3. d4 Nf6 4. Nc3 g6 5. h3 Bg7 6. Bg5 a6 7. Qd2 b5 8. a3 0-0 9. Bd3 Bb7 10. 0-0 Rc8 11. a4 b4 12. Ne2 d5 13. Bxf6 exf6 14. exd5 Qxd5 15. c4 bxc3 16. bxc3 Na5 17. Rab1 Qd7 18. Nh2 Qxa4 19. c4 Qc6 20. d5 Qc5 21. Rb4 Ba8 22. Ra4 Nb7 23. Rxa6 f5 24. Nc1 Rfe8 25. Nf3 Qf8 26. Nb3 Nc5 27. Nxc5 Qxc5 28. Rb1 Rcd8 29. Rb5 Qe7 30. Ra7 Qd6 31. Qa2 c6 32. Rba5 cxd5 33. Rxa8 dxc4 34. Rxd8 Rxd8 35. Bxc4 Bf8 36. Bxf7+ Kg7 37. Rd5 Qe7 38. Rxd8 Qxd8 39. Bd5 Be7 40. Qc4 Qb6 41. g3 Qb1+ 42. Kg2 Qd1 43. Qc3+ Bf6 44. Qc7+ Kh6 45. Bg8 1-0

[Event "Begonia op 44th"]
[Site "Ballarat"]
[Date "2010.03.06"]
[Round "1"]
[White "Sandler, Leonid"]
[Black "Tsagarakis, Angelo"]
[Result "1-0"]
[WhiteElo "2219"]
[BlackElo "1750"]
[PlyCount "73"]
[EventDate "2010.03.06"]
[EventType "swiss"]
[EventRounds "7"]
[EventCountry "AUS"]
[SourceTitle "CBM 135 Extra"]
[Source "ChessBase"]
[SourceDate "2010.05.04"]
[SourceVersion "1"]
[SourceVersionDate "2010.05.04"]
[SourceQuality "1"]

1. d4 Nf6 2. c4 e5 3. dxe5 Ng4 4. Nf3 Nc6 5. Bf4 Bb4+ 6. Nc3 Qe7 7. Qd5 f6 8. exf6 Nxf6 9. Qd3 0-0 10. e3 a5 11. Be2 d6 12. 0-0 Bg4 13. Rac1 Rae8 14. a3 Bxc3 15. Qxc3 Ne4 16. Qc2 Bf5 17. Bd3 h6 18. Nd4 Nxd4 19. exd4 Qh4 20. Be3 Bh7 21. Rce1 Nf6 22. Bxh7+ Nxh7 23. Qb3 Rf5 24. Qxb7 Rh5 25. h3 Rf8 26. Qxc7 Ng5 27. Qd7 Rf6 28. f4 Nf3+ 29. Rxf3 Qxe1+ 30. Kh2 Rh4 31. Bf2 Qd2 32. Bxh4 Rxf4 33. Rxf4 Qxf4+ 34. Bg3 Qxd4 35. Qe6+ Kh7 36. b3 Qc3 37. Bxd6 1-0

[Event "Doeberl Cup 47th"]
[Site "Canberra"]
[Date "2009.04.11"]
[Round "5"]
[White "Gibbons, Robert"]
[Black "Tsagarakis, Angelo"]
[Result "0-1"]
[WhiteElo "2067"]
[BlackElo "1919"]
[PlyCount "136"]
[EventDate "2009.04.09"]
[EventType "swiss"]
[EventRounds "9"]
[EventCountry "AUS"]
[SourceTitle "CBM 129 Extra"]
[Source "ChessBase"]
[SourceDate "2009.05.05"]
[SourceVersion "2"]
[SourceVersionDate "2009.05.20"]
[SourceQuality "1"]

1. e4 c5 2. Nf3 Nc6 3. d4 cxd4 4. Nxd4 e5 5. Nb3 Nf6 6. Nc3 Be7 7. Be2 0-0 8. 0-0 a6 9. Be3 d6 10. Bf3 b5 11. Nd5 Nxd5 12. Qxd5 Qc7 13. Qd2 Bb7 14. a4 b4 15. a5 Rac8 16. Bg4 Ra8 17. Bb6 Qb8 18. Rad1 Bc8 19. Bxc8 Qxc8 20. c3 bxc3 21. Qxc3 Qb7 22. Nd2 Rac8 23. Qb3 Nd8 24. Rc1 Ne6 25. g3 Bg5 26. Rxc8 Rxc8 27. Qd5 Qxd5 28. exd5 Bxd2 29. dxe6 fxe6 30. Rd1 Rc2 31. b3 Kf7 32. Kg2 d5 33. Rb1 d4 34. b4 Be3 35. Kf3 Rxf2+ 36. Ke4 Ra2 37. Kxe5 Ke7 38. h4 Bf2 39. Bc5+ Kd7 40. Rb3 Re2+ 41. Kf4 Kc6 42. Bf8 g6 43. Kf3 Rc2 44. b5+ axb5 45. a6 Kb6 46. Ra3 Ka7 47. Bb4 Be3 48. Ra5 Rc4 49. Rxb5 Kxa6 50. Rb8 Rc7 51. Bd6 Rd7 52. Be5 Bh6 53. Re8 Kb5 54. Rxe6 Kc5 55. Bf4 Bg7 56. g4 Kc4 57. Rc6+ Kd3 58. h5 gxh5 59. gxh5 Rf7 60. Rc7 Rxc7 61. Bxc7 Kd2 62. Bf4+ Kc2 63. h6 Bf6 64. Kg4 d3 65. Kf5 Bc3 66. Bg5 Bd2 67. Bd8 Bxh6 68. Ba5 Bg7 0-1